| 000 | 01012nam a2200289 a 4500 | ||
|---|---|---|---|
| 001 | BRCA_5240 | ||
| 005 | 20190320205011.0 | ||
| 008 | 291110s1912----fr-a######---#000-0#fre-# | ||
| 041 | _afre | ||
| 044 | _afr | ||
| 050 | 4 |
_aND588 _b.G57 1912 |
|
| 100 | 1 |
_aGirodie, André _913423 |
|
| 245 | 1 | 0 |
_aMartin Schongauer et l´art du Haut-Rhin au XVe siècle _cpar André Girodie. |
| 260 |
_aParís _bPlon-Nourrit ; Imprimeurs-Éditeurs _c1912 |
||
| 300 |
_a250 p. _bil., 24 láminas _c21 cm. |
||
| 440 | 0 |
_aLes maitres de l´art _913424 |
|
| 500 | _aIncluye índice alfabético, tabla de ilustraciones, índice iconográfico y catálogo cronológico de artistas de Alto Rhin | ||
| 500 | _aEstado físico: Encuadernación deteriorada | ||
| 500 | _aE61 | ||
| 504 | _aBibliografía: p. [213]-221 | ||
| 600 | 1 | 4 |
_aShongauer, Martín _d1445-1491 _913425 |
| 650 | 1 | 4 |
_aPintura _zAlto Rin, Francia _913426 |
| 650 | 1 | 4 |
_aPintores alemanes _9797 |
| 650 | 1 | 4 |
_aPintura _xHistoria _913427 |
| 902 | _aGFM | ||
| 942 |
_2lcc _cB |
||
| 999 |
_c4934 _d4934 |
||